Movies Quiz

Random Movies or Food Quiz

Food on Film Quiz Stats

 Plays Quiz Updated Jul 10, 2012

Challenge
Share
Tweet
Embed
Score 0/17 Timer 05:00
2 Plays Today
Notable food scene Film % Correct
An apple pie is used for alternative purposesAmerican Pie
90.9%
Involves liver with some fava beans and a nice chiantiThe Silence of the Lambs
83.8%
Two individuals share a plate of spaghetti and meatballs under the light of the moonLady and the Tramp
82.8%
In detention, each student has a very different lunch, revealing something about each of themThe Breakfast Club
78.3%
A girl eats a piece of three-course-dinner gumWilly Wonka and the Chocolate Factory
76.5%
Various foods emulate 'naughty bits' (body parts)Austin Powers: The Spy Who Shagged Me
71.4%
College students have a food fightAnimal House
71.4%
A woman reenacts an orgasm in a deliWhen Harry Met Sally
70.9%
Two men have a discussion about what a quarter pounder with cheese is called in FrancePulp Fiction
70.1%
Notable food scene Film % Correct
A feast includes chilled monkey brains and live snakesIndiana Jones and the Temple of Doom
67.8%
An obese man is forced to eat himself to deathSe7en
60.5%
A woman's confections provoke the mayor to contest her business while improving the lives of the townspeopleChocolat
49%
Merlot is not appreciated during one sceneSideways
43.9%
In the future people are eating something supposedly made from soy and lentilsSoylent Green
39.7%
The lead eats 50 eggs in an hourCool Hand Luke
38.2%
In Whistle Stop, Alabama, an abusive man is accidentally killed and then served to a police officerFried Green Tomatoes
31.8%
Large fruits (or vegetables?) plan to take over the worldAttack of the Killer Tomatoes
29.3%

You're not logged in!

Compare scores with friends on all Sporcle quizzes.
Join for Free
OR
Log In

You Might Also Like...

Show Comments

Extras

Top Quizzes Today


Score Distribution

Your Account Isn't Verified!

In order to create a playlist on Sporcle, you need to verify the email address you used during registration. Go to your Sporcle Settings to finish the process.

Report this User

Report this user for behavior that violates our Community Guidelines.

Details: